Score 0/30 Timer 10:00
0 Plays Today
Question Answer % Correct
13 x 10 =130
92%
12 x 4 =48
91.5%
12 x 6 =72
91.5%
12 x 9 =108
91.5%
13 x 1 =13
91.5%
13 x 4 =52
91.5%
13 x 5 =65
91.1%
12 x 2 =24
90.6%
12 x 10 =120
90.6%
13 x 2 =26
90.6%
13 x 9 =117
90.6%
12 x 1 =12
90.1%
12 x 5 =60
90.1%
12 x 12 =144
90.1%
12 x 7 =84
89.7%
Question Answer % Correct
13 x 3 =39
89.7%
12 x 3 =36
89.2%
12 x 8 =96
89.2%
13 x 8 =104
89.2%
13 x 6 =78
88.7%
13 x 7 =91
88.7%
13 x 11 =143
85.4%
13 x 12 =156
84%
12 x 11 =132
83.6%
12 x 13 =156
82.2%
13 x 13 =169
80.8%
13 x 14 =182
77.9%
13 x 15 =195
77%
12 x 14 =168
76.5%
12 x 15 = 180
76.5%

You're not logged in!

Compare scores with friends on all Sporcle quizzes.
OR
Log In

Sporcle TV

Today on Sporcle TV


Watch our educational content, quiz creation guides, and fun videos on Sporcle TV.

Show Comments

Extras

Created Sep 14, 2013ReportNominate
Tags:Table

Top Quizzes Today


Score Distribution

Paid Content

Your Account Isn't Verified!

In order to create a playlist on Sporcle, you need to verify the email address you used during registration. Go to your Sporcle Settings to finish the process.

Report this User

Report this user for behavior that violates our Community Guidelines.

Details: